El Concepto mujer en la investigación social /
Sábháilte in:
| Príomhchruthaitheoir: | |
|---|---|
| Formáid: | Téacs |
| Ábhair: | |
| Clibeanna: |
Cuir clib leis
Níl clibeanna ann, Bí ar an gcéad duine le clib a chur leis an taifead seo!
|
MARC
| LEADER | 00000 a a2200000 04500 | ||
|---|---|---|---|
| 001 | 4842 | ||
| 003 | |||
| 040 | |||
| 100 | |a Barbieri, M. Teresita de | ||
| 245 | |a El Concepto mujer en la investigación social / |c M. Teresita de Barbieri | ||
| 650 | |a MUJERES | ||
| 650 | |a POBLACION | ||
| 650 | |a DESARROLLO | ||
| 650 | |a ECONOMIA | ||
| 650 | |a INVESTIGACION | ||
| 650 | |a TEORIA | ||
| 650 | |a CRECIMIENTO DEMOGRAFICO | ||
| 650 | |a FAMILIA | ||
| 650 | |a DESARROLLO ECONOMICO | ||
| 773 | |g volumen 49, número 11; páginas 26-27 | ||
| 999 | |c 28284 |d 28284 | ||
